The geology and mineral resources of Kentucky; (Record no. 26726)
[ view plain ]
| 000 -LEADER | |
|---|---|
| fixed length control field | 01127cam a22002531 4500 |
| 001 - CONTROL NUMBER | |
| control field | gs 29000190 |
| 003 - CONTROL NUMBER IDENTIFIER | |
| control field | DLC |
| 005 - DATE AND TIME OF LATEST TRANSACTION | |
| control field | 20260227111333.0 |
| 008 - FIXED-LENGTH DATA ELEMENTS--GENERAL INFORMATION | |
| fixed length control field | 790905s1928 kyuab s001 0 eng c |
| 010 ## - LIBRARY OF CONGRESS CONTROL NUMBER | |
| LC control number | gs 29000190 |
| 035 ## - SYSTEM CONTROL NUMBER | |
| System control number | (OCoLC)5340459 |
| 040 ## - CATALOGING SOURCE | |
| Original cataloging agency | U.S. Geol. Survey. Libr. |
| Transcribing agency | KyLoU |
| Modifying agency | KyLoU |
| -- | OCoLC |
| -- | DLC |
| 042 ## - AUTHENTICATION CODE | |
| Authentication code | premarc |
| 043 ## - GEOGRAPHIC AREA CODE | |
| Geographic area code | n-us-ky |
| 050 00 - LIBRARY OF CONGRESS CALL NUMBER | |
| Classification number | QE115 |
| Item number | .A68 |
| 100 1# - MAIN ENTRY--PERSONAL NAME | |
| Personal name | Jillson, Willard Rouse, |
| Dates associated with a name | 1890- |
| 245 14 - TITLE STATEMENT | |
| Title | The geology and mineral resources of Kentucky; |
| Remainder of title | a brief description of physiography, stratigraphy, areal and structural geology, and mineral resources of each of the counties comprising the commonwealth, |
| Statement of responsibility, etc. | by Willard Rouse Jillson. Illustrated with two hundred and fifty-one photographs, maps and diagrams. |
| 260 ## - PUBLICATION, DISTRIBUTION, ETC. | |
| Place of publication, distribution, etc. | Frankfort, Ky., |
| Name of publisher, distributor, etc. | The Kentucky Geologial Survey, |
| Date of publication, distribution, etc. | 1928. |
| 300 ## - PHYSICAL DESCRIPTION | |
| Extent | xv, 409 p. incl. illus., maps, diagrs. |
| Other physical details | col. front. |
| Dimensions | 24 cm. |
| 410 10 - SERIES STATEMENT/ADDED ENTRY--CORPORATE NAME [OBSOLETE, CAN/MARC], [LOCAL, USA] | |
| Corporate name or jurisdiction name as entry element | Kentucky. |
| Subordinate unit | Geological Survey, 1920-1932. |
| Title of a work | Series VI [Geologic reports] |
| Volume number/sequential designation | v. 17 |
| 650 #0 - SUBJECT ADDED ENTRY--TOPICAL TERM | |
| Topical term or geographic name entry element | Geology |
| Geographic subdivision | Kentucky. |
| 650 #0 - SUBJECT ADDED ENTRY--TOPICAL TERM | |
| Topical term or geographic name entry element | Mines and mineral resources |
| Geographic subdivision | Kentucky. |
| 650 #0 - SUBJECT ADDED ENTRY--TOPICAL TERM | |
| Topical term or geographic name entry element | Physical geography |
| Geographic subdivision | Kentucky. |
No items available.